<?xml version="1.0" encoding="UTF-8"?>
<record
    xmlns:xsi="http://www.w3.org/2001/XMLSchema-instance"
    xsi:schemaLocation="http://www.loc.gov/MARC21/slim http://www.loc.gov/standards/marcxml/schema/MARC21slim.xsd"
    xmlns="http://www.loc.gov/MARC21/slim">

  <leader>01682    a2200217   4500</leader>
  <controlfield tag="001">54702</controlfield>
  <controlfield tag="005">20260407155821.0</controlfield>
  <controlfield tag="008">260407a1984    arg                 spa d</controlfield>
  <controlfield tag="003">AR-UNSa-BCEJYS</controlfield>
  <datafield tag="040" ind1=" " ind2=" ">
    <subfield code="a">AR-UNSa-BCEJYS</subfield>
    <subfield code="b">spa</subfield>
    <subfield code="c">AR-UNSa-BCEJYS</subfield>
  </datafield>
  <datafield tag="080" ind1=" " ind2=" ">
    <subfield code="a">342</subfield>
    <subfield code="x">Derecho constitucional (Derecho P&#xFA;blico)</subfield>
  </datafield>
  <datafield tag="245" ind1="1" ind2="0">
    <subfield code="a">Meditaciones sobre la rep&#xFA;blica, el poder y la libertad</subfield>
  </datafield>
  <datafield tag="020" ind1=" " ind2=" ">
    <subfield code="a">950-43-0255-8</subfield>
  </datafield>
  <datafield tag="264" ind1=" " ind2="1">
    <subfield code="a">Buenos Aires :</subfield>
    <subfield code="b">Ediciones Depalma</subfield>
    <subfield code="c">1984</subfield>
  </datafield>
  <datafield tag="300" ind1=" " ind2=" ">
    <subfield code="a">98 p.</subfield>
    <subfield code="c">20 cm.</subfield>
  </datafield>
  <datafield tag="505" ind1=" " ind2=" ">
    <subfield code="a">1. Es menester consolidar el equilibrio el sistema tripartito de los poderes del Estado &#x2013; 2. Desajuste entre la Constituci&#xF3;n formal y la Constituci&#xF3;n material en el ejercicio del Poder de la Polic&#xED;a &#x2013; 3. Daton o la libertad versus el poder &#x2013; 4. &#xBF;Argentina forma parte de Occidente? &#x2013; 5. Cambalache &#x2013; 6. Triunfo de los valores y principios de la Constituci&#xF3;n Nacional &#x2013; 7. Canibalismo ideol&#xF3;gico &#x2013; 8. &#xBF;Democracia? &#xBF;Qu&#xE9; democracia? &#x2013; 9. Un nuevo deporte &#x2013; 10. Breves reflexiones constitucionales sobre temas parlamentarios &#x2013; 11. El sistema presidencial y la democracia &#x2013; 12. &#xBF;Son las comisiones parlamentarias una nueva versi&#xF3;n del Comit&#xE9; de Salvaci&#xF3;n Publica? &#x2013; 13. La consulta permanente al pueblo como garant&#xED;a del ordenamiento democr&#xE1;tico -14. El refrendo ministerial es esencial para los actos del Poder Ejecutivo &#x2013; 15. La estrategia de ruptura en las causas pol&#xED;ticas &#x2013; 16. La tecno burocracia como factor de la concentraci&#xF3;n e incremento del poder &#x2013; 17. El gigante Amapolas y el humanismo de Alberdi.</subfield>
  </datafield>
  <datafield tag="041" ind1=" " ind2=" ">
    <subfield code="a">spa</subfield>
  </datafield>
  <datafield tag="942" ind1=" " ind2=" ">
    <subfield code="c">BK</subfield>
  </datafield>
  <datafield tag="590" ind1=" " ind2=" ">
    <subfield code="a">niveau_biblio:m niveau_hierar:0</subfield>
  </datafield>
  <datafield tag="100" ind1="1" ind2=" ">
    <subfield code="a">Ekmekdjian, Miguel &#xC1;ngel</subfield>
  </datafield>
  <datafield tag="999" ind1=" " ind2=" ">
    <subfield code="c">5727</subfield>
    <subfield code="d">5727</subfield>
  </datafield>
  <datafield tag="952" ind1=" " ind2=" ">
    <subfield code="0">0</subfield>
    <subfield code="1">0</subfield>
    <subfield code="4">0</subfield>
    <subfield code="7">0</subfield>
    <subfield code="a">BCEJYS</subfield>
    <subfield code="b">BCEJYS</subfield>
    <subfield code="c">16</subfield>
    <subfield code="d">2026-04-07</subfield>
    <subfield code="l">0</subfield>
    <subfield code="o">342 E36m</subfield>
    <subfield code="p">L45349</subfield>
    <subfield code="r">2026-04-07 15:58:21</subfield>
    <subfield code="w">2026-04-07</subfield>
    <subfield code="y">L</subfield>
  </datafield>
</record>
